| 000 | 01489nam0a2200337 4500 | ||
|---|---|---|---|
| 001 | RU\NLR\BIBL_A\011473449 | ||
| 005 | 20260406105637.0 | ||
| 010 |
_a9785389115743 _93000 |
||
| 021 |
_aRU _b2017-62641 _94436 |
||
| 035 | _a(RuMoRGB)009370735 | ||
| 035 | _a(NLR Aleph) 011473449 | ||
| 090 |
_a11866150 _c11866150 |
||
| 100 | _a20170915d2017 d y0rusy50 ca | ||
| 101 | 1 |
_arus _ceng |
|
| 102 | _aRU | ||
| 105 | _aa f 001zy | ||
| 200 | 1 |
_aИнтерактивная энциклопедия для школьников _e[ответы на 1000 вопросов _eдля среднего школьного возраста _fавторы текста: Клиф Гиффорд и др. _gперевод с английского Татьяны Покидаевой _gредакторы Валентина Бологова и др.] |
|
| 210 |
_aМосква [и др.] _cМахаон [и др.] _d2017 |
||
| 215 |
_a159 с. _cцв. ил. _d29 |
||
| 320 | _aУказ.: с. 156-159 | ||
| 333 | _a6+ | ||
| 608 |
_aЭнциклопедии для детей _92363029 _3RU\NLR\AUTH\661410942 |
||
| 686 |
_aШ9:Я20(2) _2rubbk |
||
| 686 | 3 |
_aШ9 _bЯ20 |
|
| 702 | 1 |
_4570 _7ca _8rus _aГиффорд _bК. _f1966- _gКлайв _9231809 _3RU\NLR\AUTH\770231865 |
|
| 702 | 1 |
_4340 _8rus _7ca _aБологова _bВ. _cпопуляризатор _gВалентина _3RU\NLR\AUTH\77102476 _985402 |
|
| 942 | _cBOOK | ||
| 980 | _aNBR | ||